<?xml version="1.0" encoding="UTF-8"?>
<record
    xmlns:xsi="http://www.w3.org/2001/XMLSchema-instance"
    xsi:schemaLocation="http://www.loc.gov/MARC21/slim http://www.loc.gov/standards/marcxml/schema/MARC21slim.xsd"
    xmlns="http://www.loc.gov/MARC21/slim">

  <leader>01594nam a22001577a 4500</leader>
  <datafield tag="999" ind1=" " ind2=" ">
    <subfield code="c">25566</subfield>
    <subfield code="d">25566</subfield>
  </datafield>
  <datafield tag="020" ind1=" " ind2=" ">
    <subfield code="a">9781138303669</subfield>
  </datafield>
  <datafield tag="082" ind1=" " ind2=" ">
    <subfield code="a">359.03091824</subfield>
    <subfield code="b">HEN-N</subfield>
  </datafield>
  <datafield tag="100" ind1=" " ind2=" ">
    <subfield code="a">Hensel, Howard M</subfield>
  </datafield>
  <datafield tag="245" ind1=" " ind2=" ">
    <subfield code="a">Naval powers in the Indian ocean and the western pacific</subfield>
  </datafield>
  <datafield tag="260" ind1=" " ind2=" ">
    <subfield code="a">New York           </subfield>
    <subfield code="b">Routledge</subfield>
    <subfield code="c">2018</subfield>
  </datafield>
  <datafield tag="300" ind1=" " ind2=" ">
    <subfield code="a">xi,266p.</subfield>
  </datafield>
  <datafield tag="520" ind1=" " ind2=" ">
    <subfield code="a">In previous years, many scholars and policy makers have traditionally viewed portions of the Indian Ocean and the Western Pacific as separate and discrete political, economic, and military regions. In recent years, however, a variety of economic, political, and military forces have made many within the academic community, as well as a growing number of national governmental leaders, change their perceptions and view these maritime expanses as one zone of global interaction. As a consequence, political, military, and economic developments in one maritime region increasingly have an impact on the other regions. Analyzing and assessing the perceptions, interests, objectives, maritime capabilities and policies of the major maritime powers operating in this area, as well as the contemporary maritime challenges and opportunities, this valuable study highlights the current prospects for peace and security and evaluates possible alternative scenarios for future developments in what is rapidly becoming recognized as an integrated zone of global interaction</subfield>
  </datafield>
  <datafield tag="546" ind1=" " ind2=" ">
    <subfield code="a">
.
.</subfield>
  </datafield>
  <datafield tag="650" ind1=" " ind2=" ">
    <subfield code="v">Navies</subfield>
    <subfield code="v">Sea-power--Indian Ocean Region.</subfield>
    <subfield code="v">Pacific Ocean--Strategic aspects</subfield>
    <subfield code="v">Indian Ocean--Strategic aspects</subfield>
    <subfield code="v">Pacific Area--Strategic aspects</subfield>
    <subfield code="z">Asia</subfield>
  </datafield>
  <datafield tag="942" ind1=" " ind2=" ">
    <subfield code="2">ddc</subfield>
    <subfield code="c">BK</subfield>
  </datafield>
  <datafield tag="952" ind1=" " ind2=" ">
    <subfield code="0">0</subfield>
    <subfield code="1">0</subfield>
    <subfield code="4">0</subfield>
    <subfield code="7">0</subfield>
    <subfield code="a">NASSDOC</subfield>
    <subfield code="b">NASSDOC</subfield>
    <subfield code="d">2019-03-25</subfield>
    <subfield code="e">OP</subfield>
    <subfield code="i">2019-03-25</subfield>
    <subfield code="l">0</subfield>
    <subfield code="o">359.03091824 HEN-N</subfield>
    <subfield code="p">50304</subfield>
    <subfield code="r">2019-08-30 00:00:00</subfield>
    <subfield code="w">2019-03-25</subfield>
    <subfield code="y">BK</subfield>
  </datafield>
</record>
